| 000 | 00866am a2200289a 44500 | ||
|---|---|---|---|
| 003 | AR-BaBNM | ||
| 005 | 20251128210635.0 | ||
| 008 | 030120s2000 #AR|||||||||||000 | spa|| | ||
| 020 | _a84-277-1300-2 | ||
| 040 | _cAR-BaBNM | ||
| 245 | 1 | 0 |
_aHacia una educación de calidad _bgestión, instrumentos y evaluación |
| 260 |
_aMadrid _bNarcea _c2000 |
||
| 300 |
_a156 p. _bgráfs., tablas |
||
| 490 | 0 | _aEducación hoy. Estudios | |
| 500 | _aContiene referencias bibliográficas | ||
| 650 | 4 | _aCALIDAD DE LA EDUCACION | |
| 650 | 4 | _aORGANIZACION ESCOLAR | |
| 653 | _aGESTION EDUCATIVA | ||
| 653 | _aGESTION INSTITUCIONAL | ||
| 653 | _aEVALUACION EDUCATIVA | ||
| 700 | 1 | _aPérez Juste, Ramón | |
| 700 | 1 | _aLópez Rupérez, Francisco | |
| 700 | 1 | _aPeralta Ortiz, María Dolores | |
| 700 | 1 | _aMunicio Fernández, Pedro | |
| 942 | _cBK | ||
| 998 | _cRAQUEL | ||
| 999 |
_c16295 _d16295 |
||